[Event "LSS RA-2008-0-00034"]
[Site "LSS email"]
[Date "2008.12.21"]
[Round "?"]
[White "Norman, Nigel"]
[Black "Aba, Nessi"]
[Result "1/2-1/2"]
[WhiteElo "2078"]
[BlackElo "2063"]
[PlyCount "45"]
[EventDate "2008.12.17"]
[EventType "tourn (corr)"]
[EventRounds "6"]
[EventCountry "GER"]
[SourceTitle "Corr 2011"]
[Source "ChessBase"]
[SourceDate "2010.08.31"]
[SourceVersion "1"]
[SourceVersionDate "2010.08.31"]
[SourceQuality "1"]

1. e4 c5 2. Nf3 d6 3. d4 cxd4 4. Nxd4 Nf6 5. Nc3 a6 6. f4 e5 7. Nf3 Nbd7 8. a4 Be7 9. Bd3 exf4 10. Bxf4 0-0 11. a5 Ne5 12. 0-0 Qc7 13. Be3 Be6 14. Bb6 Qc8 15. Qd2 Re8 16. Nd4 Bd8 17. Na4 Be7 18. Nxe6 fxe6 19. Bd4 Qc6 20. Nb6 Rab8 21. Qe2 Bd8 22. Nc4 b5 23. Nxe5 1/2-1/2

[Event "LSS RA-2008-0-00034"]
[Site "LSS email"]
[Date "2008.12.20"]
[Round "?"]
[White "Vyzharov, Ivan"]
[Black "Aba, Nessi"]
[Result "1-0"]
[WhiteElo "2165"]
[BlackElo "2063"]
[PlyCount "38"]
[EventDate "2008.12.17"]
[EventType "tourn (corr)"]
[EventRounds "6"]
[EventCountry "GER"]
[SourceTitle "Corr 2011"]
[Source "ChessBase"]
[SourceDate "2010.08.31"]
[SourceVersion "1"]
[SourceVersionDate "2010.08.31"]
[SourceQuality "1"]

1. d4 Nf6 2. c4 e6 3. Nc3 Bb4 4. e3 0-0 5. Bd3 d5 6. Nf3 c5 7. 0-0 Nc6 8. a3 Bxc3 9. bxc3 b6 10. Qa4 Bd7 11. Qc2 Na5 12. cxd5 c4 13. Be2 exd5 14. Ne5 Nb3 15. Ra2 Qc7 16. a4 Rfe8 17. f3 Rxe5 18. dxe5 Qxe5 19. Re1 Re8 1-0

[Event "LSS OP-2008-0-00691"]
[Site "LSS email"]
[Date "2008.12.06"]
[Round "?"]
[White "Aba, Nessi"]
[Black "Gonzalez, Gervasio"]
[Result "0-1"]
[WhiteElo "2063"]
[BlackElo "1618"]
[PlyCount "43"]
[EventDate "2008.12.05"]
[EventType "tourn (corr)"]
[EventRounds "4"]
[EventCountry "GER"]
[SourceTitle "Corr 2011"]
[Source "ChessBase"]
[SourceDate "2010.08.31"]
[SourceVersion "1"]
[SourceVersionDate "2010.08.31"]
[SourceQuality "1"]

1. e4 e5 2. d4 exd4 3. f4 Nf6 4. e5 Ne4 5. Nf3 d5 6. Bd3 c5 7. c4 dxc3 8. Nxc3 Nxc3 9. bxc3 Nc6 10. Bc2 Be7 11. 0-0 0-0 12. f5 f6 13. e6 b5 14. Bf4 Bb7 15. Rb1 Bd6 16. Rxb5 Ba6 17. Qxd5 Bxf4 18. Qxc6 Qc8 19. Qxc8 Rfxc8 20. a4 Bxb5 21. axb5 a5 22. g3 0-1